| 000 | 00437pam a2200169 a 4500 | ||
|---|---|---|---|
| 020 | _a0070013233 | ||
| 020 | _a0071158553 (International ed.) | ||
| 040 | _cDLC | ||
| 082 | 0 | 0 | _a305 HIL 1999 A012 Or. |
| 100 | 1 | _aSteinberg, Laurence D., | |
| 245 | 1 | 0 | _aAdolescence / |
| 250 | _a5th ed. | ||
| 260 |
_aBoston : _bMcGraw-Hill, _cc1999. |
||
| 300 |
_axxii, 519 p. : _bcol. ill. ; _c27 cm. |
||
| 650 | 0 | _aAdolescent psychology | |
| 942 | _cEK | ||
| 999 |
_c13984 _d13984 |
||